Poppy - all songs as of early 2024 - Statistics

General Stats
  • This quiz has been taken 39 times
    24 since last reset
  • The average score is 53 of 93
Answer Stats
Hint Answer % Correct
Poppy.Computer I'm Poppy
93%
Bubblebath Lowlife
93%
EAT EAT
86%
Flux Flux
86%
I Disagree I Disagree
86%
Am I a Girl? Play Destroy
86%
EAT Say Cheese
86%
Bubblebath Altar
79%
EAT Breeders
79%
Bubblebath Money
79%
I Disagree Sit / Stay
79%
Single w. Bad Omens V.A.N
79%
Zig Zig
79%
Bubblebath American Kids
71%
Am I a Girl? Am I a Girl?
71%
I Disagree Bite Your Teeth
71%
I Disagree Bloodmoney
71%
Choke Choke
71%
Poppy.Computer Computer Boy
71%
EAT CUE
71%
Flux Her
71%
Flux Lessen The Damage
71%
Choke Scary Mask
71%
Am I a Girl? X
71%
I Disagree Anything Like Me
64%
Poppy.Computer Bleach Blonde Baby
64%
I Disagree Concrete
64%
EAT Dark Dark World
64%
I Disagree Don't Go Outside
64%
I Disagree Fill The Crown
64%
Stagger FYB
64%
Am I a Girl? Girls in Bikinis
64%
Zig Hard
64%
Flux Hysteria
64%
Poppy.Computer Interweb
64%
I Disagree (more) Khaos x4
64%
Flux On The Level
64%
Stagger Shapes
64%
I Disagree Sick of the Sun
64%
Stagger Stagger
64%
Am I a Girl? Aristocrat
57%
I Disagree (more) Bleep Bloop
57%
Am I a Girl? Chic Chick
57%
Zig Church Outfit
57%
Am I a Girl? Iconic
57%
I Disagree (more) If It Bleeds
57%
Am I a Girl? In a Minute
57%
Am I a Girl? Interlude 1
57%
Am I a Girl? Interlude 2
57%
Zig Knockoff
57%
Choke Meat
57%
Poppy.Computer Moshi Moshi
57%
Poppy.Computer My Style
57%
Flux Never Find My Place
57%
I Disagree Nothing I Need
57%
Flux So Mean
57%
Choke The Holy Mountain
57%
Flux Bloom
50%
I Disagree (more) Don't Ask
50%
Poppy.Computer Fuzzy
50%
Am I a Girl? Hard Feelings
50%
A Very Poppy Christmas I Like Presents
50%
Poppy.Computer Let's Make a Video
50%
Poppy.Computer My Microphone
50%
Stagger Pocket
50%
Single Spit
50%
Featuring (Knocked Loose) Suffocate
50%
Am I a Girl? The Rapture Ball
50%
Am I a Girl? Time Is Up
50%
Choke Voicemail
50%
Flux As Strange As It Seems
43%
Featuring (HEALTH) DEAD FLOWERS
43%
Am I a Girl? Fashion After All
43%
Single Fear of Dying
43%
A Very Poppy Christmas I Won't Be Home For Christmas
43%
Single Metal
43%
Zig Motorbike
43%
A Very Poppy Christmas Kiss In The Snow
36%
Single Moonage Daydream
36%
Poppy.Computer Pop Music
36%
Zig Prove It
36%
A Very Poppy Christmas Silver Bells
36%
Poppy.Computer Software Upgrade
36%
Zig 1s + 0s
29%
Single All The Things She Said
29%
Single Immature Couture
29%
Zig The Attic
29%
Featuring (Stu Brooks) They'll Just Love You
29%
Zig Flicker
21%
Zig Linger
21%
Zig What It Becomes
21%
Single Everybody Wants To Be Poppy
14%
Single Adored
0%
No matching quizzes found
Score Distribution
Percent of People with Each Score
Percentile by Number Answered
Your Score History
You have not taken this quiz since the last reset